000
00349nam a2200145Ia 4500
008
220216s9999 xx 000 0 und d
100
_a
Watson G A
245
0
_a
Cover plants, weeds and weedkillers
260
_b
Planters Bulletin
_c
1963
300
_a
191-195
650
_a
Cover crops
650
_a
Weed control
650
_a
Weeds
942
_c
JS
999
_c
56480
_d
56480